000 00263nam a2200109Ia 4500
008 190914s9999||||xx |||||||||||||| ||und||
100 _aErwin Rausch
245 0 _aHigh Quality Leadership
260 _aNew Jersey
_bThomson South
_c1995
300 _a208
942 _cBK
999 _c9455
_d9455